| 000 | 01585nam0a22004811 4500 | ||
|---|---|---|---|
| 001 | v19\rc\1866976 | ||
| 005 | 20251118180220.5 | ||
| 035 | _a(NLR Aleph) 004959058 | ||
| 090 |
_a5964107 _c5964107 |
||
| 100 | _a20080221d1910 |||y0rusy50 ca | ||
| 101 | 0 | _arus | |
| 102 | _aRU | ||
| 105 | _aabc z ||||| | ||
| 200 | 1 |
_aРусско-Японская война 1904-1905 г. _eС рис. и пл. _fВ.А. Апушкин |
|
| 210 |
_aМосква _cОбразование _d1910 |
||
| 215 |
_aIV, 213, [2] с., [10] л. ил., портр., [2] л. карт. _cпортр. _d26 |
||
| 532 | 1 | 1 | _aРусско-Японская война тысяча девятьсот четвертого - 1905 г. |
| 700 | 1 |
_aАпушкин _bВ. А. _f1868- _gВладимир Александрович |
|
| 801 | 0 |
_aRU _bNLR _gpsbo |
|
| 801 | 0 |
_aRU _bRuMoRGB _2psbo |
|
| 801 | 1 |
_aRU _bProSoft-M _2rusmarc |
|
| 852 |
_aNLR _j38.77.7.38 |
||
| 899 |
_aRuMoRGB _jU 161/116 (№ 15) |
||
| 899 |
_aRuMoRGB _jКл 67/1018 |
||
| 899 |
_aRuMoRGB _jU 358/318 |
||
| 899 |
_aRuMoRGB _jU 347/284 |
||
| 899 |
_aRuMoRGB _jP 27/248 |
||
| 899 |
_aRuMoRGB _jКл 7/244 |
||
| 899 |
_aRuMoRGB _jРб 6/451 |
||
| 899 |
_aRuMoRGB _jU 387/307 |
||
| 899 |
_aRuMoRGB _jU 66/42 |
||
| 899 |
_aRuMoRGB _jU 339/110 |
||
| 899 |
_aRuMoRGB _jR 245/11 |
||
| 899 |
_aRuMoRGB _jКл 1/244 |
||
| 899 |
_aRuMoRGB _jΔ 415/300 |
||
| 899 |
_aRuMoRGB _jΔ 351/192 |
||
| 899 |
_aRuMoRGB _jΔ 174/242 |
||
| 899 | _aБАН | ||
| 899 | _aНБ СПбГУ | ||
| 899 | _aГПИБ | ||
| 899 | _aНБ МГУ | ||
| 942 | _cBOOK | ||
| 980 | _aNB | ||